[Event "Dublin Malahide Millennium op"]
[Site "Dublin"]
[Date "2024.05.06"]
[Round "6"]
[White "Culbeaux Tello, Oscar"]
[Black "Putar, Leon"]
[Result "0-1"]
[WhiteElo "2035"]
[BlackElo "1939"]
[PlyCount "88"]
[EventDate "2024.05.04"]
[EventType "swiss"]
[EventRounds "6"]
[EventCountry "IRL"]
[SourceTitle "CB19_2024"]
[SourceDate "2024.05.08"]
[SourceVersion "1"]
[SourceVersionDate "2024.05.08"]
[SourceQuality "1"]

1. e4 e6 2. d3 d5 3. Nd2 Nf6 4. g3 b6 5. Bg2 Bb7 6. e5 Nfd7 7. f4 c5 8. Ngf3 Nc6 9. 0-0 Be7 10. Re1 Qc7 11. c3 Ba6 12. Nf1 0-0-0 13. a3 h5 14. h4 g6 15. b4 d4 16. b5 Bxb5 17. c4 Ba6 18. N1d2 b5 19. cxb5 Bxb5 20. Nc4 Nb6 21. Rb1 Bxc4 22. dxc4 Nxc4 23. Qa4 Nb6 24. Rxb6 axb6 25. Ng5 Kd7 26. Nxf7 Ra8 27. Qb3 Rhf8 28. Bh3 Nd8 29. Nxd8 Qxd8 30. Bb2 Rf5 31. Qb5+ Kc7 32. Bg2 Qe8 33. Qb3 Rd8 34. Qxe6 Bf8 35. Qb3 b5 36. Qf3 Rb8 37. Bxd4 cxd4 38. Rc1+ Kd8 39. Rd1 Qd7 40. Bh3 Bc5 41. Bxf5 gxf5 42. Qxh5 Bxa3 43. e6 Qxe6 44. Rxd4+ Kc7 0-1

[Event "IRL-ch 102nd"]
[Site "Dublin"]
[Date "2023.08.13"]
[Round "9"]
[White "Putar, Leon"]
[Black "Ivanov, Andrey A"]
[Result "1-0"]
[WhiteElo "2025"]
[BlackElo "1900"]
[PlyCount "59"]
[EventDate "2023.08.05"]
[EventType "swiss"]
[EventRounds "9"]
[EventCountry "IRL"]
[SourceTitle "CBM 215 Extra"]
[Source "ChessBase"]
[SourceDate "2023.09.30"]
[SourceVersion "1"]
[SourceVersionDate "2023.09.30"]
[SourceQuality "1"]

1. e4 c5 2. Nf3 g6 3. d4 cxd4 4. Qxd4 Nf6 5. e5 Nc6 6. Qd3 Ng4 7. Qe4 Ngxe5 8. Nc3 Nxf3+ 9. Qxf3 Bg7 10. Bd2 0-0 11. 0-0-0 d6 12. h4 h5 13. Qe3 Nd4 14. f3 Nf5 15. Qe1 b5 16. g4 Nd4 17. gxh5 Nxf3 18. Qe4 Nxd2 19. Qxa8 Nxf1 20. Rhxf1 b4 21. Nd5 e6 22. Qxc8 Qxh4 23. Qd7 exd5 24. hxg6 Qg5+ 25. Kb1 Qxg6 26. Rxd5 a5 27. Qxd6 Qg2 28. Rdf5 Rc8 29. Qd3 b3 30. Qxb3 1-0

[Event "IRL-ch 102nd"]
[Site "Dublin"]
[Date "2023.08.11"]
[Round "7"]
[White "Lyons, Brendan"]
[Black "Putar, Leon"]
[Result "0-1"]
[WhiteElo "1877"]
[BlackElo "2025"]
[PlyCount "84"]
[EventDate "2023.08.05"]
[EventType "swiss"]
[EventRounds "9"]
[EventCountry "IRL"]
[SourceTitle "CBM 215 Extra"]
[Source "ChessBase"]
[SourceDate "2023.09.30"]
[SourceVersion "1"]
[SourceVersionDate "2023.09.30"]
[SourceQuality "1"]

1. e4 e6 2. d4 d5 3. Bd3 Nf6 4. e5 Nfd7 5. c3 c5 6. Ne2 Nc6 7. a3 cxd4 8. cxd4 Qb6 9. b4 a5 10. b5 Nxd4 11. Be3 Bc5 12. Nbc3 a4 13. Nxa4 Qa5+ 14. Nec3 Nb6 15. Rc1 Nxa4 16. Qxa4 Bd7 17. Qxa5 Rxa5 18. 0-0 Nb3 19. Bxc5 Nxc5 20. Be2 Nb3 21. Rc2 Nd4 22. Rb2 Rxa3 23. Rc1 Nxe2+ 24. Nxe2 Ke7 25. Rc7 Ra1+ 26. Nc1 Rc8 27. Rbc2 Rxc7 28. Rxc7 Kd8 29. Rc5 b6 30. Rc2 Bxb5 31. g3 Ba4 32. Rc3 d4 33. Rc4 b5 34. Rxd4+ Kc7 35. Kg2 Rxc1 36. Rf4 Kc6 37. Rxf7 b4 38. Rf8 Kc5 39. Rf7 b3 40. Rc7+ Bc6+ 41. Kh3 b2 42. f4 b1Q 0-1

[Event "IRL-ch 102nd"]
[Site "Dublin"]
[Date "2023.08.09"]
[Round "5"]
[White "Putar, Leon"]
[Black "Putar, Lara"]
[Result "0-1"]
[WhiteElo "2025"]
[BlackElo "1960"]
[PlyCount "66"]
[EventDate "2023.08.05"]
[EventType "swiss"]
[EventRounds "9"]
[EventCountry "IRL"]
[SourceTitle "CBM 215 Extra"]
[Source "ChessBase"]
[SourceDate "2023.09.30"]
[SourceVersion "1"]
[SourceVersionDate "2023.09.30"]
[SourceQuality "1"]

1. c4 c5 2. Nc3 Nc6 3. g3 g6 4. Bg2 Bg7 5. d3 d6 6. Nf3 Nf6 7. Qd2 a6 8. b3 d5 9. cxd5 Nxd5 10. Bb2 Nxc3 11. Bxc3 e5 12. 0-0 0-0 13. Rac1 Qe7 14. Bb2 Bd7 15. Qe3 b6 16. Nd2 Rab8 17. Nc4 Rfe8 18. Ba3 Nd4 19. Qd2 Bg4 20. Rfe1 h5 21. b4 cxb4 22. Bxb4 Qe6 23. Ne3 Bh6 24. Qb2 h4 25. Rc7 Bxe3 26. fxe3 Nf5 27. h3 Nxe3 28. Rc6 Qf5 29. Qc1 Nxg2 30. Kxg2 Bxh3+ 31. Kh1 Qf2 32. Rg1 hxg3 33. Qh6 Qh2# 0-1

[Event "IRL-ch 102nd"]
[Site "Dublin"]
[Date "2023.08.08"]
[Round "4"]
[White "Murchadha, Oissine"]
[Black "Putar, Leon"]
[Result "0-1"]
[WhiteElo "1875"]
[BlackElo "2025"]
[PlyCount "76"]
[EventDate "2023.08.05"]
[EventType "swiss"]
[EventRounds "9"]
[EventCountry "IRL"]
[SourceTitle "CBM 215 Extra"]
[Source "ChessBase"]
[SourceDate "2023.09.30"]
[SourceVersion "1"]
[SourceVersionDate "2023.09.30"]
[SourceQuality "1"]

1. Nf3 Nf6 2. c4 c5 3. b3 g6 4. Bb2 Bg7 5. g3 0-0 6. Bg2 Nc6 7. 0-0 d6 8. d3 Bd7 9. Nc3 Qa5 10. Nd2 Rad8 11. a3 Rfe8 12. Ra2 a6 13. Qa1 Bh6 14. e3 Qb6 15. Nd5 Nxd5 16. cxd5 Ne5 17. Nc4 Qxb3 18. Nxe5 dxe5 19. Bc3 Bb5 20. Rd1 Qa4 21. Bxe5 e6 22. f4 exd5 23. g4 d4 24. e4 Qb3 25. Rad2 Rxe5 26. Rb2 Qc3 27. fxe5 Bxd3 28. Rxb7 c4 29. e6 fxe6 30. g5 Bxg5 31. Rb2 Bc2 32. Rf1 Bb3 33. Kh1 e5 34. Qb1 d3 35. Rbf2 d2 36. Bf3 Be3 37. Rg2 Qd3 38. Qb2 Qxf1+ 0-1

[Event "Sligo Spring op"]
[Site "Sligo"]
[Date "2022.04.30"]
[Round "3"]
[White "Baburin, Alexander"]
[Black "Putar, Leon"]
[Result "1-0"]
[WhiteElo "2413"]
[BlackElo "1841"]
[PlyCount "155"]
[EventDate "2022.04.29"]
[EventType "swiss"]
[EventRounds "5"]
[EventCountry "IRL"]
[SourceTitle "CBM 208 Extra"]
[Source "ChessBase"]
[SourceDate "2022.07.31"]
[SourceVersion "1"]
[SourceVersionDate "2022.07.31"]
[SourceQuality "1"]

1. d4 Nf6 2. c4 g6 3. Nf3 Bg7 4. g3 0-0 5. Bg2 d5 6. cxd5 Nxd5 7. 0-0 c5 8. dxc5 Na6 9. Ng5 Nf6 10. Nc3 Nxc5 11. Qxd8 Rxd8 12. Be3 Ne6 13. Rfd1 h6 14. Rxd8+ Nxd8 15. Rd1 Bf5 16. Nf3 Nc6 17. Nd4 Nxd4 18. Bxd4 Nd7 19. Bxg7 Kxg7 20. Bxb7 Rb8 21. Be4 Be6 22. Bd5 Nc5 23. Bxe6 Nxe6 24. Rd2 Nc5 25. h4 e6 26. Kf1 Kf6 27. Ke1 g5 28. hxg5+ hxg5 29. Kd1 Ke7 30. Kc2 f5 31. Rd4 Rb6 32. b4 Nb7 33. g4 Rc6 34. b5 Rc5 35. gxf5 exf5 36. Ra4 Nd6 37. Rxa7+ Kd8 38. b6 Rc6 39. Rg7 Kc8 40. Kd3 Rxb6 41. Rxg5 Kd7 42. Rg7+ Ke6 43. Re7+ Kxe7 44. Nd5+ Ke6 45. Nxb6 Ne4 46. f3 Nd6 47. a4 Nb7 48. Kd4 Na5 49. Nc4 Nb3+ 50. Kc3 Nc1 51. Kd2 Na2 52. a5 Nb4 53. a6 Nxa6 54. Ke3 Nb4 55. Kf4 Kf6 56. Ne3 Ke6 57. Nxf5 Nd5+ 58. Kg5 Ke5 59. e3 Nc3 60. Ng3 Nd5 61. f4+ Ke6 62. e4 Nf6 63. Kg6 Ng4 64. Nh5 Ke7 65. Kg5 Ne3 66. Ng7 Kf7 67. Nf5 Nc4 68. Nd4 Nd6 69. e5 Ne4+ 70. Kg4 Kg6 71. f5+ Kf7 72. Nf3 Nf2+ 73. Kf4 Nd3+ 74. Ke3 Nc5 75. Kd4 Nb7 76. Ng5+ Kg7 77. Kd5 Na5 78. e6 1-0

[Event "Sligo Spring op"]
[Site "Sligo"]
[Date "2022.04.29"]
[Round "1"]
[White "Flynn, Jacob"]
[Black "Putar, Leon"]
[Result "1-0"]
[WhiteElo "2185"]
[BlackElo "1841"]
[PlyCount "51"]
[EventDate "2022.04.29"]
[EventType "swiss"]
[EventRounds "5"]
[EventCountry "IRL"]
[SourceTitle "CBM 208 Extra"]
[Source "ChessBase"]
[SourceDate "2022.07.31"]
[SourceVersion "1"]
[SourceVersionDate "2022.07.31"]
[SourceQuality "1"]

1. d4 Nf6 2. Nf3 g6 3. c4 Bg7 4. e3 0-0 5. Be2 d5 6. cxd5 Nxd5 7. e4 Nb6 8. h3 c5 9. d5 e6 10. Nc3 exd5 11. exd5 Re8 12. 0-0 Bxc3 13. bxc3 Nxd5 14. Bd3 b6 15. Bg5 f6 16. Bc4 Be6 17. Re1 Kf7 18. Rxe6 Rxe6 19. Qxd5 Qxd5 20. Bxd5 Nc6 21. Re1 Rae8 22. Rxe6 Rxe6 23. Be3 g5 24. Bxg5 fxg5 25. Nxg5+ Kf6 26. Nxe6 1-0

[Event "Dublin Bolger Cup"]
[Site "Dublin"]
[Date "2022.03.27"]
[Round "5"]
[White "Putar, Leon"]
[Black "Flynn, Jacob"]
[Result "0-1"]
[WhiteElo "1791"]
[BlackElo "2153"]
[PlyCount "70"]
[EventDate "2022.03.25"]
[EventType "swiss"]
[EventRounds "5"]
[EventCountry "IRL"]
[SourceTitle "CBM 207 Extra"]
[Source "ChessBase"]
[SourceDate "2022.05.31"]
[SourceVersion "1"]
[SourceVersionDate "2022.05.31"]
[SourceQuality "1"]

1. e4 c5 2. Nf3 d6 3. c3 Nf6 4. h3 Nc6 5. Bd3 e5 6. Bc2 d5 7. exd5 Qxd5 8. 0-0 e4 9. Re1 Bxh3 10. c4 Qh5 11. gxh3 0-0-0 12. Nh2 Qxh3 13. Bxe4 Bd6 14. Nf1 Nxe4 15. Rxe4 f5 16. Re3 Qh4 17. Nc3 f4 18. Re4 Qg5+ 19. Kh1 Nd4 20. d3 Qf5 21. Nh2 h5 22. Nd5 g5 23. b4 Rhe8 24. f3 Qh3 25. Bb2 Nf5 26. Qd2 Nh4 27. Rf1 g4 28. fxg4 hxg4 29. Nxf4 Bxf4 30. Rexf4 g3 31. Rg1 Rxd3 32. Rxh4 Qxh4 33. Qc2 Qxh2+ 34. Qxh2 gxh2 35. Rg2 Rh3 0-1

[Event "EU-Cup 36th"]
[Site "Struga"]
[Date "2021.09.22"]
[Round "5.2"]
[White "Putar, Leon"]
[Black "Andreasson, Ingvar"]
[Result "0-1"]
[WhiteElo "1918"]
[BlackElo "2331"]
[PlyCount "108"]
[EventDate "2021.09.18"]
[EventType "team-swiss"]
[EventRounds "7"]
[EventCountry "MKD"]
[SourceTitle "CBM 204 Extra"]
[Source "ChessBase"]
[SourceDate "2021.11.30"]
[SourceVersion "1"]
[SourceVersionDate "2021.11.30"]
[SourceQuality "1"]
[WhiteTeam "St Benildus"]
[BlackTeam "Pelaro Alingsas"]
[WhiteTeamCountry "IRL"]
[BlackTeamCountry "SWE"]

1. e4 d6 2. d4 Nf6 3. Nc3 g6 4. f4 Bg7 5. Nf3 0-0 6. Bd3 Na6 7. Be3 c5 8. Qe2 cxd4 9. Bxd4 Nb4 10. Bc4 Nc6 11. Be3 a6 12. 0-0-0 Qc7 13. Rhe1 Bg4 14. Bb3 b5 15. Bd4 Nxd4 16. Rxd4 Qa7 17. e5 Bxf3 18. Qd2 Bc6 19. exf6 Bxf6 20. Rd3 Kg7 21. g4 h6 22. Bd5 b4 23. Ne4 Bxd5 24. Rxd5 a5 25. g5 hxg5 26. Nxf6 exf6 27. fxg5 fxg5 28. Rxd6 Rae8 29. h3 Rxe1+ 30. Qxe1 Qc5 31. Rd7 Qf5 32. Rd3 Rh8 33. b3 Rh4 34. Qe2 Rf4 35. Rd1 Re4 36. Qg2 Qe5 37. Kb1 Re1 38. Qd2 Re2 39. Qd3 Re3 40. Qf1 Qf4 41. Qg2 Rg3 42. Qe2 Rxh3 43. Rf1 Re3 44. Qg2 Qg3 45. Qd2 Qe5 46. Qf2 Qe7 47. Qd2 Re4 48. Qd1 g4 49. Qd2 g3 50. Rh1 Rh4 51. Rg1 Qe4 52. Rf1 Rh1 53. Qd1 Rxf1 54. Qxf1 Qe3 0-1

[Event "Dublin Masters op"]
[Site "Dublin"]
[Date "2021.09.10"]
[Round "1"]
[White "Putar, Leon"]
[Black "Carroll, Peter"]
[Result "0-1"]
[WhiteElo "1918"]
[BlackElo "2059"]
[PlyCount "83"]
[EventDate "2021.09.10"]
[EventType "swiss"]
[EventRounds "5"]
[EventCountry "IRL"]
[SourceTitle "CBM 204 Extra"]
[Source "ChessBase"]
[SourceDate "2021.11.30"]
[SourceVersion "1"]
[SourceVersionDate "2021.11.30"]
[SourceQuality "1"]

1. e4 c5 2. Nf3 d6 3. c3 Nf6 4. h3 g6 5. Bd3 Bg7 6. Bc2 e5 7. d4 exd4 8. cxd4 0-0 9. 0-0 Nc6 10. Bg5 h6 11. Bh4 Qb6 12. Nbd2 cxd4 13. Nb3 Re8 14. Re1 Nh5 15. Kh2 Be5+ 16. Bg3 Nxg3 17. fxg3 Be6 18. Qd2 Kh7 19. Rad1 Rac8 20. Re2 Qb4 21. Nfxd4 Qxd2 22. Rdxd2 Nxd4 23. Nxd4 Bxa2 24. b3 Rc3 25. Nf3 Bxb3 26. Bxb3 Rxb3 27. Nxe5 Rxe5 28. Rxd6 Re7 29. g4 a5 30. Rd8 a4 31. Ra8 b5 32. Rd2 Kg7 33. Rd4 a3 34. h4 g5 35. hxg5 hxg5 36. Rd5 f6 37. Rdd8 b4 38. Rg8+ Kf7 39. Rgf8+ Ke6 40. Ra6+ Ke5 41. Rfxf6 Kxe4 42. Rf1 0-1

[Event "IRL-ch 100th"]
[Site "Dublin"]
[Date "2021.08.06"]
[Round "7"]
[White "Carroll, Peter"]
[Black "Putar, Leon"]
[Result "1/2-1/2"]
[WhiteElo "2059"]
[BlackElo "1918"]
[PlyCount "197"]
[EventDate "2021.07.31"]
[EventType "swiss"]
[EventRounds "9"]
[EventCountry "IRL"]
[SourceTitle "CBM 203 Extra"]
[Source "ChessBase"]
[SourceDate "2021.09.30"]
[SourceVersion "1"]
[SourceVersionDate "2021.09.30"]
[SourceQuality "1"]

1. e4 e6 2. d4 d5 3. Nc3 Bb4 4. e5 c5 5. a3 Bxc3+ 6. bxc3 Qa5 7. Bd2 Qa4 8. Qg4 Kf8 9. Qd1 b6 10. c4 Ba6 11. dxc5 bxc5 12. c3 Qxd1+ 13. Rxd1 Ne7 14. Nf3 Nd7 15. Bg5 f6 16. exf6 gxf6 17. Bh6+ Ke8 18. cxd5 Bxf1 19. Kxf1 Nxd5 20. c4 N5b6 21. Nd2 Ke7 22. Bf4 e5 23. Be3 Rab8 24. Ke2 Na4 25. Ne4 Rb2+ 26. Rd2 Rhb8 27. g4 Rxd2+ 28. Bxd2 Rb3 29. Ra1 Rh3 30. Be3 Rxh2 31. Rb1 Rh3 32. Rb7 Ke6 33. Rxa7 Nb2 34. Ra6+ Kf7 35. Nd6+ Ke7 36. a4 Rh1 37. a5 Ra1 38. Nf5+ Kd8 39. Nd6 Ra4 40. Nb7+ Ke8 41. Nxc5 Nxc5 42. Bxc5 Nxc4 43. Ra8+ Kd7 44. a6 Na5 45. a7 Nc6 46. Rh8 Nxa7 47. Bxa7 Ke6 48. Rxh7 Rxg4 49. Be3 Ra4 50. Ra7 Rh4 51. Kf3 Rc4 52. Rg7 Kf5 53. Rh7 Ra4 54. Rb7 Rc4 55. Bd2 Rh4 56. Rb4 Rh3+ 57. Kg2 Rh7 58. Kf1 Ra7 59. Be3 Ra2 60. Bb6 Rd2 61. Ke1 Rd5 62. Ke2 Rd7 63. Rb3 Rb7 64. Kd3 Rd7+ 65. Kc4 Rd2 66. Rd3 Rb2 67. Rf3+ Ke6 68. Bd8 f5 69. Bh4 f4 70. Rb3 Rxb3 71. Kxb3 Kf5 72. Kc3 Kg4 73. Be7 Kf3 74. Bc5 e4 75. Kd2 e3+ 76. Bxe3 fxe3+ 77. fxe3 Ke4 78. Ke2 Ke5 79. Kd3 Kd5 80. e4+ Ke5 81. Ke3 Ke6 82. Kd4 Kd6 83. e5+ Ke6 84. Ke4 Ke7 85. Kf4 Ke6 86. Ke4 Ke7 87. Kf5 Kf7 88. e6+ Ke7 89. Ke5 Ke8 90. Kd5 Ke7 91. Ke5 Ke8 92. Kf6 Kf8 93. Kg6 Ke7 94. Kf5 Ke8 95. Ke4 Ke7 96. Kd5 Ke8 97. Kd6 Kd8 98. e7+ Ke8 99. Ke6 1/2-1/2

[Event "IRL-ch 100th"]
[Site "Dublin"]
[Date "2021.08.01"]
[Round "2"]
[White "Putar, Leon"]
[Black "Venkatesan, Kavin"]
[Result "1/2-1/2"]
[WhiteElo "1918"]
[BlackElo "2011"]
[PlyCount "94"]
[EventDate "2021.07.31"]
[EventType "swiss"]
[EventRounds "9"]
[EventCountry "IRL"]
[SourceTitle "CBM 203 Extra"]
[Source "ChessBase"]
[SourceDate "2021.09.30"]
[SourceVersion "1"]
[SourceVersionDate "2021.09.30"]
[SourceQuality "1"]

1. Nf3 c5 2. c4 Nf6 3. Nc3 Nc6 4. g3 e6 5. Bg2 d5 6. cxd5 exd5 7. d4 Be7 8. 0-0 0-0 9. dxc5 Bxc5 10. Bg5 d4 11. Bxf6 Qxf6 12. Ne4 Qe7 13. Nxc5 Qxc5 14. Rc1 Qd6 15. Qd2 Bg4 16. Rfd1 Rad8 17. h3 Bh5 18. a4 Rd7 19. Ng5 Bg6 20. Ne4 Bxe4 21. Bxe4 f5 22. Bxc6 bxc6 23. e3 d3 24. Qc3 Rb8 25. Rd2 Qd5 26. Qxc6 Qxc6 27. Rxc6 Kf7 28. Kf1 Rb6 29. Rxb6 axb6 30. Ke1 Ke6 31. f4 Rd5 32. Rd1 Rd6 33. b3 Ke7 34. Kd2 Rh6 35. h4 Rd6 36. Kc3 Rg6 37. Rg1 Rd6 38. Rg2 h5 39. b4 Kf7 40. a5 bxa5 41. bxa5 Rd5 42. a6 Ra5 43. Kxd3 Rxa6 44. Kd4 Ke6 45. Rb2 Rd6+ 46. Kc4 Rd1 47. Rg2 g6 1/2-1/2

[Event "Bunratty Online"]
[Site "Chess.com INT"]
[Date "2021.02.20"]
[Round "9"]
[White "Steil Antoni, Fiona"]
[Black "Putar, Leon"]
[Result "0-1"]
[WhiteElo "2129"]
[BlackElo "1918"]
[PlyCount "82"]
[EventDate "2021.02.20"]
[EventType "swiss (blitz)"]
[EventRounds "9"]
[EventCountry "IRL"]
[SourceTitle "CBM 200 Extra"]
[Source "ChessBase"]
[SourceDate "2021.03.31"]
[SourceVersion "1"]
[SourceVersionDate "2021.03.31"]
[SourceQuality "1"]

1. e4 e6 2. Nf3 d5 3. e5 c5 4. b4 b6 5. bxc5 bxc5 6. d4 Nc6 7. Bb5 Bd7 8. Bxc6 Bxc6 9. 0-0 Rc8 10. c3 Qa5 11. Be3 Ne7 12. dxc5 Nf5 13. Bd4 Bxc5 14. Re1 0-0 15. Nbd2 Ba4 16. Nb3 Bxb3 17. axb3 Qb6 18. b4 Bxd4 19. Nxd4 Nxd4 20. Qxd4 Rc4 21. Qxb6 axb6 22. Ra6 Rb8 23. Rea1 Rxc3 24. g3 g6 25. Ra8 Rbc8 26. Kg2 Kg7 27. Rxc8 Rxc8 28. Ra7 Rc4 29. Rb7 Rxb4 30. h4 d4 31. Kf3 Rb3+ 32. Ke4 d3 33. Ke3 b5 34. g4 h6 35. f4 Kf8 36. g5 h5 37. Kd2 Rb4 38. Kc3 Rxf4 39. Kxd3 Rxh4 40. Rxb5 Rg4 41. Rb8+ Kg7 0-1

[Event "Wch FIDE Online U16 Europe qual"]
[Site "Tornelo INT"]
[Date "2020.12.07"]
[Round "2"]
[White "Liu, Casper Yukun"]
[Black "Putar, Leon"]
[Result "0-1"]
[WhiteElo "1927"]
[BlackElo "1676"]
[PlyCount "48"]
[EventDate "2020.12.07"]
[EventType "swiss (rapid)"]
[EventRounds "7"]
[EventCountry "ISS"]
[SourceTitle "EXT 2022"]
[Source "ChessBase"]
[SourceDate "2021.10.06"]
[SourceVersion "1"]
[SourceVersionDate "2021.10.06"]
[SourceQuality "1"]

1. d4 Nf6 2. Bf4 g6 3. Nc3 d5 4. Qd2 Bg7 5. f3 0-0 6. 0-0-0 c6 7. Bh6 b5 8. h4 a5 9. h5 Nbd7 10. Bxg7 Kxg7 11. hxg6 fxg6 12. Qh6+ Kg8 13. Nh3 Re8 14. Ng5 Nf8 15. e4 e5 16. exd5 cxd5 17. Bxb5 Bd7 18. dxe5 Rxe5 19. Bc4 dxc4 20. Nce4 Nxe4 21. Nxh7 Nf6 22. Nxf8 Qxf8 23. Qh8+ Kf7 24. Rh7+ Ke6 0-1

[Event "EU-ch Online U16"]
[Site "Tornelo INT"]
[Date "2020.09.18"]
[Round "1"]
[White "Putar, Leon"]
[Black "Mica, Marek"]
[Result "0-1"]
[WhiteElo "1676"]
[BlackElo "2060"]
[PlyCount "88"]
[EventDate "2020.09.18"]
[EventType "swiss (rapid)"]
[EventRounds "9"]
[EventCountry "NET"]
[SourceTitle "EXT 2023"]
[Source "ChessBase"]
[SourceDate "2022.10.05"]
[SourceVersion "1"]
[SourceVersionDate "2022.10.05"]
[SourceQuality "1"]
[WhiteTeam "Irland"]
[BlackTeam "Czech Republic"]
[WhiteTeamCountry "IRL"]
[BlackTeamCountry "CZE"]

1. e4 c6 2. d4 d5 3. Nc3 dxe4 4. Nxe4 Nf6 5. Nxf6+ exf6 6. Bf4 Bd6 7. Bxd6 Qxd6 8. Nf3 0-0 9. Be2 Re8 10. Qd2 Nd7 11. 0-0 Nf8 12. Rfe1 Bg4 13. h3 Bh5 14. c3 Ne6 15. Nh4 Bxe2 16. Qxe2 g6 17. Nf3 Re7 18. g3 Rae8 19. Qd3 b5 20. Re3 Qd5 21. b3 Kf8 22. Rd1 Nf4 23. Rxe7 Nxd3 24. Rxe8+ Kxe8 25. Rxd3 a5 26. Nd2 Qf5 27. Re3+ Kd7 28. Ne4 Kd8 29. Kg2 Qd5 30. f3 Qe6 31. Rd3 f5 32. Nf2 Qe2 33. a4 bxa4 34. bxa4 Qa2 35. f4 Qxa4 36. d5 cxd5 37. Rxd5+ Ke7 38. Kf3 Qc6 39. c4 Qxc4 40. Re5+ Kf8 41. Ke3 a4 42. Nd3 a3 43. Ra5 Qe4+ 44. Kd2 Qg2+ 0-1

[Event "IRL-ch"]
[Site "Dublin"]
[Date "2020.08.09"]
[Round "9"]
[White "Peoples, Jonathon"]
[Black "Putar, Leon"]
[Result "1-0"]
[WhiteElo "1932"]
[BlackElo "1894"]
[PlyCount "73"]
[EventDate "2020.08.01"]
[EventType "swiss"]
[EventRounds "9"]
[EventCountry "IRL"]
[SourceTitle "CBM 197 Extra"]
[Source "ChessBase"]
[SourceDate "2020.09.30"]
[SourceVersion "1"]
[SourceVersionDate "2020.09.30"]
[SourceQuality "1"]

1. e4 e6 2. d4 d5 3. Nd2 Nf6 4. e5 Nfd7 5. Bd3 c5 6. c3 Nc6 7. Ne2 cxd4 8. cxd4 f6 9. Nf4 Qe7 10. Nf3 fxe5 11. dxe5 Ndxe5 12. Nxe5 Nxe5 13. Qh5+ Nf7 14. 0-0 g6 15. Qe2 Bd7 16. Re1 e5 17. Nxd5 Qd6 18. Nc3 a6 19. Be3 Be7 20. Rad1 Rc8 21. Be4 Qb4 22. a3 Qa5 23. Nd5 Bd8 24. Qf3 0-0 25. b4 Qb5 26. Nf6+ Bxf6 27. Qxf6 Bc6 28. Bc5 Rfe8 29. Bd3 Qa4 30. Bc4 Rc7 31. Be3 g5 32. Bxg5 Qc2 33. Rd3 Qxc4 34. Rg3 Be4 35. Bh6+ Ng5 36. Rxg5+ Bg6 37. Rxg6+ 1-0

[Event "IRL-ch"]
[Site "Dublin"]
[Date "2020.08.04"]
[Round "4"]
[White "Melaugh, Gavin"]
[Black "Putar, Leon"]
[Result "1-0"]
[WhiteElo "2003"]
[BlackElo "1894"]
[PlyCount "121"]
[EventDate "2020.08.01"]
[EventType "swiss"]
[EventRounds "9"]
[EventCountry "IRL"]
[SourceTitle "CBM 197 Extra"]
[Source "ChessBase"]
[SourceDate "2020.09.30"]
[SourceVersion "1"]
[SourceVersionDate "2020.09.30"]
[SourceQuality "1"]

1. Nf3 Nf6 2. c4 g6 3. b3 Bg7 4. Bb2 0-0 5. e3 c5 6. Be2 Nc6 7. 0-0 b6 8. d4 cxd4 9. exd4 d5 10. Ne5 Bb7 11. Bf3 Rc8 12. Nc3 e6 13. Ba3 Ne7 14. Nb5 Ba6 15. Nxa7 Rc7 16. Nb5 Bxb5 17. cxb5 Re8 18. Qd3 Nd7 19. Rfe1 Bxe5 20. dxe5 Nc5 21. Qe2 Qa8 22. Bb4 Rec8 23. g4 Kg7 24. Bg2 Ng8 25. Qe3 Nd7 26. a4 Qb7 27. Re2 Rc2 28. Rae1 Qc7 29. h3 Qd8 30. Rxc2 Rxc2 31. Re2 Rxe2 32. Qxe2 Qc7 33. Bd6 Qc3 34. Qe3 Qc2 35. Bf1 f6 36. exf6+ Kxf6 37. f4 Kf7 38. g5 Ne7 39. Bxe7 Kxe7 40. Bg2 Nc5 41. Qe5 Nd7 42. Qg7+ Kd6 43. Qxh7 d4 44. Kh2 Qf5 45. Qh4 e5 46. fxe5+ Qxe5+ 47. Qg3 Kc5 48. Qxe5+ Nxe5 49. Kg3 Kb4 50. Kf2 Kxb3 51. a5 bxa5 52. b6 Nd7 53. b7 a4 54. Ke2 Kc4 55. Bc6 Nb8 56. Bxa4 d3+ 57. Kd2 Kd4 58. Be8 Ke4 59. Bxg6+ Kf4 60. h4 Kg4 61. Bxd3 1-0

[Event "IRL-ch"]
[Site "Dublin"]
[Date "2020.08.03"]
[Round "3"]
[White "Putar, Leon"]
[Black "Brady, Stephen"]
[Result "0-1"]
[WhiteElo "1894"]
[BlackElo "2290"]
[PlyCount "104"]
[EventDate "2020.08.01"]
[EventType "swiss"]
[EventRounds "9"]
[EventCountry "IRL"]
[SourceTitle "CBM 197 Extra"]
[Source "ChessBase"]
[SourceDate "2020.09.30"]
[SourceVersion "1"]
[SourceVersionDate "2020.09.30"]
[SourceQuality "1"]

1. e4 d6 2. d4 Nf6 3. Nc3 g6 4. Be3 Bg7 5. Qd2 0-0 6. 0-0-0 c6 7. f3 b5 8. Bh6 Qa5 9. h4 b4 10. Nb1 Nbd7 11. h5 Nxh5 12. g4 Ng3 13. Bxg7 Nxh1 14. Bxf8 Nxf8 15. Bd3 Qxa2 16. Qxb4 Nf2 17. Rd2 Nxd3+ 18. Rxd3 Qa6 19. Nh3 Qb6 20. Rb3 Qxb4 21. Rxb4 h5 22. Nf2 Ne6 23. gxh5 gxh5 24. d5 c5 25. Rb3 Nf4 26. Re3 Kg7 27. Re1 Bd7 28. Nc3 h4 29. Kd2 e5 30. dxe6 fxe6 31. Rg1+ Kf7 32. Ke3 e5 33. Nd5 Nxd5+ 34. exd5 Bf5 35. Ne4 Bxe4 36. Kxe4 h3 37. Kf5 Rh8 38. Rh1 h2 39. b3 a5 40. c4 Rh5+ 41. Kg4 Kg6 42. f4 exf4 43. Kxf4 Kf6 44. Kg4 Rh8 45. Kf4 Rh7 46. Kg4 Ke5 47. Kg5 Kd4 48. Kf6 Kc3 49. Ke6 Rh6+ 50. Ke7 Kxb3 51. Rxh2 Rxh2 52. Kxd6 Kxc4 0-1

[Event "IRL-ch"]
[Site "Dublin"]
[Date "2020.08.02"]
[Round "2"]
[White "Collins, Adam"]
[Black "Putar, Leon"]
[Result "1/2-1/2"]
[WhiteElo "1760"]
[BlackElo "1894"]
[PlyCount "62"]
[EventDate "2020.08.01"]
[EventType "swiss"]
[EventRounds "9"]
[EventCountry "IRL"]
[SourceTitle "CBM 197 Extra"]
[Source "ChessBase"]
[SourceDate "2020.09.30"]
[SourceVersion "1"]
[SourceVersionDate "2020.09.30"]
[SourceQuality "1"]

1. e4 e6 2. b3 d5 3. Bb2 dxe4 4. Nc3 Nf6 5. Qe2 Be7 6. 0-0-0 c5 7. Nxe4 Nc6 8. Nf3 Nxe4 9. Qxe4 Bf6 10. d4 Qa5 11. Kb1 Nb4 12. a3 Nd5 13. Qd3 Bd7 14. c4 Nb6 15. Ka2 cxd4 16. Bxd4 Be7 17. b4 Qa4 18. Bc5 Bf6 19. b5 Bxb5 20. cxb5 Rd8 21. Nd4 Rd5 22. Bxb6 axb6 23. Qb3 Qxb3+ 24. Kxb3 Rxd4 25. Be2 Ke7 26. Bf3 Rhd8 27. Rxd4 Rxd4 28. Rd1 Kd6 29. a4 Kc5 30. Rc1+ Kd6 31. Bxb7 Kd7 1/2-1/2